000 00318 a2200157 4500
001 49822
020 _a9788538070955
040 _cAnchieta - Bela Vista
100 _aCorderoy, Tracey
240 1 0 _aMais!
_lpor
245 1 0 _aMais!
300 _a32
362 0 _a2017
650 4 _aLiteratura infantil
942 _cBK
999 _c49822
_d49822